000 00776nam a2200265Ia 4500
003 OSt
005 20220928123934.0
006 a|||||r|||| 00| 0
007 ta
008 220927b |||||||| |||| 00| 0 eng d
020 _c3007.989
024 _a109072
037 _b404, 08/09/2010, A J Books
_cTextual
040 _aSDCL
_cSDCL
_beng
041 _2eng
_aeng
082 _aB286, P9
100 _aCowpertwait Paul S P
_9462456
245 0 _aIntroductory time series with R.
260 _aNew York
_b Springer
_c2009
300 _axv,254p.
_ccm.
650 _aMathematics
700 _a Metcalfe Andrew V
_9462457
942 _hB286, P9
_cTEXL
_2CC
999 _c775440
_d775440